00568 2200217 4500001002100000005001700021008004100038035002400079082001300103090002000116100001300136245005000149260002200199300002500221500002500246650002800271850001500299980001500314985000600329999001500335YOGYA-0209000001781120090227022812.0 ind  0010-020900000017811 a629.2275 a629.2275bBun T aBUNTARTO aTeknik bongkar pasang sepeda motorcBoentarto aSolobAnekac2003 a172 hlmbilusc21 cm aBibliografi: hlm.169 aSepeda motor - Reparasi aYOPDYOG(B) a14-02-2006 a1 a03P0004238